| 000 | 00578nam a2200193Ia 4500 | ||
|---|---|---|---|
| 005 | 20260429112336.0 | ||
| 008 | 260429s9999||||xx |||||||||||||| ||und|| | ||
| 020 | _a9788192434681 | ||
| 041 | _aHindi | ||
| 082 |
_a891.430 _bPRE |
||
| 100 | _aप्रेमचंद | ||
| 245 | 0 |
_aसंपूर्ण कहानियां / _cप्रेमचंद |
|
| 250 | _a1st rev. | ||
| 260 |
_aप्रयागराज : _bलोकभारती प्रकाशन, _c2023. |
||
| 300 | _a839 p.; Hb | ||
| 440 | _vखंड- 1 | ||
| 650 | _aStories | ||
| 942 | _cTB | ||
| 999 |
_c53598 _d53598 |
||